[Event "Roncana op-A 13th"]
[Site "Santa Eulalia de Roncana"]
[Date "2019.11.09"]
[Round "6"]
[White "Montilla Gordillo, Marti"]
[Black "Perez De Tudela Aznar, Marc"]
[Result "1/2-1/2"]
[WhiteElo "1565"]
[BlackElo "1593"]
[PlyCount "84"]
[EventDate "2019.09.28"]
[EventType "swiss"]
[EventRounds "8"]
[EventCountry "ESP"]
[SourceTitle "CBM 193 Extra"]
[Source "ChessBase"]
[SourceDate "2020.01.31"]
[SourceVersion "1"]
[SourceVersionDate "2020.01.31"]
[SourceQuality "1"]

1. d4 Nf6 2. c4 e6 3. Nc3 Bb4 4. Nf3 0-0 5. Bg5 c5 6. a3 Bxc3+ 7. bxc3 b6 8. e4 h6 9. Bxf6 Qxf6 10. Be2 Nc6 11. 0-0 Ba6 12. e5 Qd8 13. Bd3 d6 14. Qa4 Na5 15. Rad1 dxe5 16. dxc5 Qc7 17. cxb6 axb6 18. Rfe1 Bxc4 19. Nxe5 Bb3 20. Qe4 f5 21. Qe2 Bxd1 22. Rxd1 Qxc3 23. Ng6 Rfe8 24. Bb5 Nc6 25. h3 Nd4 26. Qe5 Nxb5 27. Qxb5 Qc5 28. Qb2 Red8 29. Rc1 Qxa3 30. Qb1 Rd2 31. Rc7 Qb2 32. Qxb2 Rxb2 33. Re7 Ra1+ 34. Kh2 Rxf2 35. Kg3 Raa2 36. Nf4 g5 37. Nxe6 f4+ 38. Kg4 Rxg2+ 39. Kf5 Rge2 40. Re8+ Kh7 41. Re7+ Kg8 42. Re8+ Kh7 1/2-1/2

[Event "Roncana op-A 13th"]
[Site "Santa Eulalia de Roncana"]
[Date "2019.10.05"]
[Round "2"]
[White "Reyes Marin, Raul"]
[Black "Montilla Gordillo, Marti"]
[Result "1-0"]
[WhiteElo "1711"]
[BlackElo "1565"]
[PlyCount "83"]
[EventDate "2019.09.28"]
[EventType "swiss"]
[EventRounds "8"]
[EventCountry "ESP"]
[SourceTitle "CBM 193 Extra"]
[Source "ChessBase"]
[SourceDate "2020.01.31"]
[SourceVersion "1"]
[SourceVersionDate "2020.01.31"]
[SourceQuality "1"]

1. e4 c5 2. Nf3 Nc6 3. Nc3 e6 4. d4 cxd4 5. Nxd4 Bb4 6. Be3 Nf6 7. Nxc6 bxc6 8. Bd3 Bxc3+ 9. bxc3 h6 10. 0-0 Qc7 11. c4 0-0 12. f4 e5 13. Kh1 d5 14. fxe5 Qxe5 15. Bf4 Qe7 16. e5 Nh7 17. cxd5 cxd5 18. Qe1 Be6 19. Qg3 Kh8 20. Bd2 a5 21. c3 Rab8 22. Bc2 Rfc8 23. Qd3 Nf8 24. Rab1 Qc5 25. Rxb8 Rxb8 26. Bb3 Rc8 27. Rc1 Ng6 28. Re1 Ne7 29. Rf1 Ng6 30. Bc2 d4 31. Re1 dxc3 32. Bc1 Bxa2 33. e6 f5 34. Qg3 Ne7 35. Bf4 Rd8 36. Be5 Rg8 37. Bd6 Qd4 38. Bxe7 Re8 39. Bxf5 Qd2 40. Rg1 g5 41. Qe5+ Kg8 42. Qf6 1-0

[Event "Vall del Tenes op 8th"]
[Site "Vall del Tenes"]
[Date "2019.06.14"]
[Round "7"]
[White "Montilla Gordillo, Marti"]
[Black "Argemi Camp, Jaume"]
[Result "0-1"]
[WhiteElo "1578"]
[BlackElo "1651"]
[PlyCount "131"]
[EventDate "2019.04.26"]
[EventType "swiss"]
[EventRounds "8"]
[EventCountry "ESP"]
[SourceTitle "EXT 2020"]
[Source "ChessBase"]
[SourceDate "2019.10.17"]
[SourceVersion "1"]
[SourceVersionDate "2019.10.17"]
[SourceQuality "1"]

1. e4 d6 2. d4 e6 3. Nf3 g6 4. g3 Bg7 5. Bg2 Nf6 6. Bg5 Qd7 7. Nbd2 0-0 8. 0-0 a5 9. c3 a4 10. a3 Nc6 11. Re1 e5 12. d5 Na5 13. Qc2 Qe8 14. h3 Qb5 15. Bf1 Qe8 16. c4 b6 17. Be3 Bd7 18. Nh4 Nb3 19. Nxb3 axb3 20. Qd3 Ba4 21. Nf3 Qc8 22. Nd2 Qd7 23. f3 Nh5 24. Kh2 f5 25. Bf2 fxe4 26. Nxe4 Nf6 27. Rab1 Nxe4 28. Rxe4 Qf5 29. Bg2 c5 30. g4 Qf6 31. h4 Qf7 32. Qd2 b5 33. Qc3 bxc4 34. Qxc4 Qd7 35. Bg3 Qb5 36. Qc3 Qa5 37. Qe3 c4 38. Bf1 Bb5 39. Be1 Qa7 40. Qxa7 Rxa7 41. Kg3 Raf7 42. Be2 Rf4 43. Bb4 Rxe4 44. fxe4 Rf4 45. Bf3 Bf8 46. g5 Be7 47. Bd2 Rf8 48. Rc1 Rc8 49. Bg4 Rf8 50. Be2 Rc8 51. h5 gxh5 52. Bxh5 Kg7 53. Bg4 Rc7 54. Bf5 Be8 55. Kg4 Bg6 56. Ba5 Ra7 57. Bb4 Rc7 58. Bd2 Bxf5+ 59. Kxf5 Bf8 60. Rh1 Rf7+ 61. Kg4 Rf2 62. Bc3 Rf4+ 63. Kh5 Rxe4 64. Rf1 Be7 65. a4 Bd8 66. a5 0-1

[Event "Vall del Tenes op 8th"]
[Site "Vall del Tenes"]
[Date "2019.05.24"]
[Round "4"]
[White "Reyes Menendez, Antonio"]
[Black "Montilla Gordillo, Marti"]
[Result "1-0"]
[WhiteElo "1798"]
[BlackElo "1578"]
[PlyCount "55"]
[EventDate "2019.04.26"]
[EventType "swiss"]
[EventRounds "8"]
[EventCountry "ESP"]
[SourceTitle "EXT 2020"]
[Source "ChessBase"]
[SourceDate "2019.10.17"]
[SourceVersion "1"]
[SourceVersionDate "2019.10.17"]
[SourceQuality "1"]

1. e4 e5 2. Nf3 d6 3. d4 exd4 4. Nxd4 Nf6 5. Nc3 g6 6. Be2 Bg7 7. Bg5 c6 8. 0-0 0-0 9. Kh1 Re8 10. f4 Qb6 11. e5 dxe5 12. fxe5 Nfd7 13. e6 fxe6 14. Be3 Qxb2 15. Ne4 Qa3 16. Qd2 c5 17. Nb5 Qa4 18. Ned6 Bxa1 19. Nxe8 Be5 20. c4 Nc6 21. Bh6 Nd4 22. Nxd4 cxd4 23. Bd1 Qa3 24. Ba4 Qxa4 25. Qf2 Qb4 26. Qf7+ Kh8 27. Bg7+ Bxg7 28. Qxg7# 1-0